| 000 | 00779nam a2200229 i 4500 | ||
|---|---|---|---|
| 001 | 92534 | ||
| 003 | ES-MaACL | ||
| 005 | 20231205172727.0 | ||
| 007 | t| | ||
| 008 | 050310s1956 sp ||||1| spa d | ||
| 100 | 1 |
_aLippmann, Walter. _972505 |
|
| 245 | 1 | 3 |
_aLa crisis de la democracia occidental / _cWalter Lippmann; con un prólogo de Rafael Calvo Serer; versión española de Julio Fernández Yañez. |
| 260 |
_aBarcelona : _bHispano Europea, _c[1956] |
||
| 300 |
_aXXXI, 207 p. ; _c21 cm. |
||
| 490 | 1 | _aGalileo | |
| 700 | 1 |
_aCalvo Serer, Rafael, _d1916-1988 _933911 |
|
| 700 | 1 |
_aFernández-Yáñez, Julio. _950195 |
|
| 830 | 0 |
_aGalileo _9182278 |
|
| 852 |
_aES-MaACL _jC-10387 _bR.38385 |
||
| 852 |
_aES-MaACL _jC-18192 _bR.46320 |
||
| 999 |
_c92534 _d92534 |
||